000 00698nam a2200253Ia 4500
003 OSt
005 20221005133333.0
006 a|||||r|||| 00| 0
007 ta
008 221004b |||||||| |||| 00| 0 urd d
020 _cINR 250.00
024 _a65888
037 _b2380, 19/02/2020, M.R.Publications
_cTextual
040 _aCRL
_cCRL
_burd
041 _2urd
_aurd
082 _aO168,1:g, R0
100 _aAajiz Kaleem Au.
_9642392
245 0 _aWo jo shairi ka sabab hua
260 _c2019
300 _a400p.
_ccm.
650 _aURDU POETRY
942 _hO168,1:g, R0
_cTEXL
_2cc
999 _c1066519
_d1066519